000 01280nam a2200217Ia 4500
001 L208-27097
003 IT-CnALBA
008 170116s9999||||xx |||||||||||||| ||und||
040 _aIT-CnALBA
_cIT-CnALBA
041 _aITALIANO
100 _aGIOVANNI XXIII, PAPA RONCALLI
245 0 _aLETTURE PATRISTICHE. VOL. III. SCHEDE PER LA CELEBRAZIONE DELLA PAROLA. MEDITAZIONE PERSONALE. PREPARAZIONE DELL'O
250 _a1a ed.
260 _a ROMA, PADOVA
_bCAL, EMP COEDITORI
_c1970 [1° Ed.:1970 - Ed.Ling.Originale: 1970]
500 _aDALLE TENEBRE ALLA LUCE. PREFAZIO MOZARABICO. BELLEZZA DEL TEMPIO DI DIO. MAGNO L. AMORE E GENEROSITÀ. DESERTO. ISACCO DELLA STELLA. REMISSIONE DEI PECCATI. PENITENZA NEL NUOVO TESTAMENTO. PAOLO VI. RITORNO A DIO. BEVILACQUA G. MISTERO DEL PANE. MAZZOLARI
501 _aSocietà San Paolo EM - Piazza San Paolo, 14 - 12051 ALBA (CN) (non commercial uses only) ® Copyright 2017
520 _aDALLE TENEBRE ALLA LUCE. PREFAZIO MOZARABICO. BELLEZZA DEL TEMPIO DI DIO. MAGNO L. AMORE E GENEROSITÀ. DESERTO. ISACCO DELLA STELLA. REMISSIONE DEI PECCATI. PENITENZA NEL NUOVO TESTAMENTO. PAOLO VI. RITORNO A DIO. BEVILACQUA G. MISTERO DEL PANE. MAZZOLARI
650 _aPADRI E SCRITTORI ECCLESIASTICI
942 _cBK
957 _71
999 _a31885
_bNO
_g Copie: 1
_c286199
_d286199